| 000 | 01222cam a22003377a 4500 | ||
|---|---|---|---|
| 999 |
_c7309 _d7309 |
||
| 001 | 16080907 | ||
| 003 | OSt | ||
| 005 | 20211001112327.0 | ||
| 008 | 100202s2010 enka b 001 0 eng d | ||
| 010 | _a 2010286069 | ||
| 015 |
_aGBA9B0019 _2bnb |
||
| 016 | 7 |
_a015410536 _2Uk |
|
| 020 | _a9780521117470 (hbk.) | ||
| 020 | _a052111747X (hbk.) | ||
| 020 | _a9780521133555 (pbk.) | ||
| 020 | _a0521133556 (pbk.) | ||
| 035 | _a(OCoLC)ocn465905142 | ||
| 040 |
_aBWK _cDDC _dUKM _dVXG _dTEF _dYDXCP _dDLC |
||
| 042 | _alccopycat | ||
| 050 | 0 | 0 |
_aQK911 _b.S45 2010 |
| 082 | _a580SHI 2010 | ||
| 100 | 1 |
_aShipley,Bill; _d1960- _914992 |
|
| 245 | 1 | 0 |
_aFrom plant traits to vegetation structure. _bChance and selection in the assembly of ecological communities. _cEdited by Shipley,Bill; |
| 260 |
_aNew York : _bCambridge University Press, _c2010. |
||
| 300 |
_axi,277p; _bill. _c24cm. |
||
| 504 | _aIncludes; bibliographical references (p. 260-274) and index. | ||
| 650 | 0 |
_aBiology _95602 |
|
| 906 |
_a7 _bcbc _ccopycat _d2 _encip _f20 _gy-gencatlg |
||
| 942 |
_2ddc _cO_SHELF |
||